00247nam a2200073Ia 4500008004100000082000800041100005900049245006500108240331s9999 xx 000 0 und d bREA aThe reader's digest great encyclopaedic Dictionary. ed 4aThe reader's digest great encyclopaedic Dictionary :bvol. 2